| 000 | 00452nam a2200145 4500 | ||
|---|---|---|---|
| 001 | 112302 | ||
| 003 | ES-MaACL | ||
| 007 | t| | ||
| 008 | 061121s1903 sp r ||||1| spa d | ||
| 100 | 1 |
_aMuñoz Cuéllar, Miguel. _984381 |
|
| 245 | 1 | 0 |
_aManual legislativo de matrimonios y pensiones / _cpor Miguel Muñoz Cuéllar. |
| 260 |
_aMadrid : _b[s.n.], _c1903 ( _fImp. de Gabriel L. del Horno) |
||
| 300 |
_aIV, 172 p. ; _c16 cm. |
||
| 852 |
_aES-MaACL _jG-338 |
||
| 999 |
_c112302 _d112302 |
||